| 000 | 00495nam a22001577a 4500 | ||
|---|---|---|---|
| 999 |
_c132487 _d132487 |
||
| 005 | 20231208110501.0 | ||
| 008 | 231208b ||||| |||| 00| 0 eng d | ||
| 020 | _a9789699368875 | ||
| 040 | _cPK-LaUMT | ||
| 082 |
_a297.4 _bHAS-I |
||
| 100 | _aHassan Sohaib Murad = حسن صہیب مراد | ||
| 245 |
_aIlam, amal, zindhagi = علم، عمل، زندگی / _cby Hassan Sohaib Murad = حسن صہیب مراد |
||
| 260 |
_aLahore : _bUMT Press, _c2023 |
||
| 300 | _a200 p. | ||
| 942 | _cBK | ||